Chobani Yogurt Flavors - Statistics

General Stats
  • This quiz has been taken 13 times
  • The average score is 11 of 40
Answer Stats
Flavor % Correct
Lemon
92%
Raspberry
92%
Strawberry
92%
Blackberry
85%
Blueberry
77%
Vanilla
77%
Mango
69%
Apple
54%
Coconut
54%
Peach
54%
Pineapple
54%
Cookies & Cream
38%
Mixed Berry
38%
Watermelon
38%
Key Lime
31%
Cookie Dough
23%
Pomegranate
23%
Strawberry Banana
23%
Black Cherry
15%
Mint Chocolate Chip
15%
Passion Fruit
15%
Strawberry Cheesecake
15%
Chocolate Covered Strawberry
8%
Mocha Tiramisu
8%
Perfect Peach Cobbler
8%
Salted Caramel Crunch
8%
Apple Pie à la Mode
0%
Banana Foster
0%
Blueberry Lemon Muffin
0%
Caramel Sundae
0%
Cherry Cheesecake
0%
Chocolate Chip Cookie Dough
0%
Chocolate Peanut Butter Cup
0%
Chocolate S’more S’mores
0%
Guava
0%
Honey & Cream
0%
Key Lime Crumble
0%
Nonfat Plain
0%
Orange Cream Pop
0%
Tropical Citrus
0%
No matching quizzes found
Score Distribution
Percent of People with Each Score
Percentile by Number Answered
Your Score History
You have not taken this quiz